Statistics for Московские концерты мировых исполнителей

Click here to take the quiz!

General Stats

  • This quiz has been taken 7 times
  • The average score is 8 of 15

Answer Stats

Answer% Correct
Metallica
100%
Bon Jovi
67%
Goriilaz
67%
Paul McCartney
67%
AC/DC
50%
Madonna
50%
Pink Floyd
50%
System of a Down
50%
The Prodigy
50%
Billy Joel
33%
Motley Crue
33%
Ozzy Osbourne
33%
Pantera
33%
The Rolling Stones
33%
U2
33%

Score Distribution

Percentile by Number Answered

Percent of People with Each Score

Your Score History

You have not taken this quiz